000 00226 a2200109 4500
001 8912
082 _a331.861 BEV
090 _c7100
_d7100
100 _aBevercidge A
245 _aapprenticeship Now
_hEnglish
260 _bchapman
_a1963
942 _aNUST-CAE
999 _c243985
_d243985